Schaum's ountline of theory and problems of heat transfer

This book contain chapters:introduction; one-dimensional steady-state conduction; multidimensional steady-state conduction; time-varying conduction; fluid mechanics; forced convection; turbulent flow; natural convection; boiling and condendation; heat exchangers; radiation.

保存先:
書誌詳細
第一著者: Pitts, Donald R.
フォーマット: 図書
言語:Undetermined
出版事項: New York McGraw-Hill 1998
主題:
タグ: タグ追加
タグなし, このレコードへの初めてのタグを付けませんか!
Thư viện lưu trữ: Trung tâm Học liệu Trường Đại học Cần Thơ
LEADER 01000nam a2200217Ia 4500
001 CTU_33330
008 210402s9999 xx 000 0 und d
020 |c 14.93 
082 |a 621.4022 
082 |b P692 
100 |a Pitts, Donald R. 
245 0 |a Schaum's ountline of theory and problems of heat transfer 
245 0 |c Donald R Pitts, Leighton E. Sissom 
260 |a New York 
260 |b McGraw-Hill 
260 |c 1998 
520 |a This book contain chapters:introduction; one-dimensional steady-state conduction; multidimensional steady-state conduction; time-varying conduction; fluid mechanics; forced convection; turbulent flow; natural convection; boiling and condendation; heat exchangers; radiation. 
650 |a Heat,Heat,Nhiệt,Nhiệt 
650 |x Transmission,Transmission,Problems, exercises, etc.,Sự truyền,Sự truyền,Các vấn đề, bài tập, v.v... 
904 |i Thùy, Năm 
980 |a Trung tâm Học liệu Trường Đại học Cần Thơ